000 00338nam a2200133Ia 4500
008 240624s9999 xx 000 0 und d
041 _aeng
082 _a658.15 PEA
100 _aPEARCE RUPERT
245 _aRAISING VENTURE CAPITAL
260 _c2006
_aNew York
_bJohn Wiley & Sons
300 _axv, : 242 : p. : cm. ; 25
365 _c
_b27
999 _c20708
_d20708